000 01598nam a2200457 i 4500
001 49161
003 KOSZ 005
005 20230109102251.0
008 081114s2008 pl f |000 0 pol d
020 _a9788374264976
040 _cKOSZ 005
_aKOSZ 005
_dKOSZ 005/HR
041 0 _apol
044 _aPOL
080 _a346.7(438:4-67)
080 _a663
080 _a664
080 _a614.3
080 _a351.77(438)
100 1 _aJackiewicz, Barbara
_c(technolog żywności)
_eAutor
245 1 0 _aObowiązki i odpowiedzialność przedsiębiorcy sektora spożywczego podlegającego kontroli Państwowej Inspekcji Sanitarnej /
_cBarbara Jackiewicz.
260 _aGdańsk :
_bOśrodek Doradztwa i Doskonalenia Kadr,
_c2008.
300 _a82, [1] s. ;
_c24 cm.
336 _2rdacontent
_aTekst
_btxt
337 _2rdamedia
_aBez urządzenia pośredniczącego
_bn
338 _2rdacarrier
_aWolumin
_bnc
380 _aKsiążki
388 _a2001-
648 7 _a2001-
650 9 _aJakość żywności
650 9 _aKontrola sanitarna
650 9 _aPrawo Unii Europejskiej
650 9 _aPrawo żywnościowe
650 9 _aPrzemysł rolno-spożywczy
650 9 _aŻywność
651 7 _aPolska
658 _aPrawo i wymiar sprawiedliwości
710 _aODDK
_4pbl
856 _uhttp://koha.tu.koszalin.pl/cgi-bin/koha/opac-detail.pl?biblionumber=49161
_yKatalog online BPK
942 _cKA
_2UKD
999 _c49161
_d49161